000 00755nam a2200205Ia 4500
003 GCL
008 140319s9999 xx 000 0 ara d
020 _a308001977
040 _aGCL /
_cGCL
082 0 4 _aق
_b962
_bغ ن
100 1 _aغالى شكرى
245 1 0 _aالنهضة والسقوط فى الفكر المصرى الحديث /
_cغالى شكرى
260 _aالقاهرة :
_bالهيئة المصرية العامة للكتاب ،
_c1992
300 _a363 ص ؛
_c24 سم
650 0 4 _aمصر - الاحوال الثقافية
650 0 4 _aالثورة الثقافية - مصر
650 0 4 _aالفكر المصرى المعاصر
650 0 4 _aالفكر المصرى المعاصر - البرجوازية
942 _2ddc
_cBK
999 _c31096
_d31096